000 00508nam a22001817a 4500
003 KOHA_MİRAKIL
005 20251218102022.0
008 251218b tu ||||| |||| 00| 0 tur d
020 _a9786052334133
040 _aTR-AnABB
_btur
_cTR-AnABB
041 _atur
082 _a390.899435
_bALT 2022
245 1 0 _aAltay toplulukları /
260 _aİstanbul :
_bTürk Dünyası Belediyeler Birliği Yayınları,
_c2022
300 _a600 sayfa ;
_c24 cm
650 0 4 _aAltay halkları
942 _2ddc
_cBK
999 _c9757
_d9757
900 _bGizem YORULMAZ